000 00708cam a22002173a 4500
001 43222
003 PGUSA
005 20140828084001.0
008 130715s2013||||xxu|||||s|||||000 | eng d
040 _aPGUSA
_beng
042 _adc
100 1 _aForbes, Robert
245 1 4 _aThe Lyon in Mourning, Vol. 1 ;
_bor, a collection of speeches, letters, journals, etc. relative to the affairs of Prince Charles Edward Stuart
_h[electronic resource] /
_cRobert Forbes
260 _bProject Gutenberg,
_c2013
506 _aPublic domain in the USA.
516 _aElectronic text
700 1 _aPaton, Henry
830 0 _aProject Gutenberg
_v43222
856 4 0 _uhttp://www.gutenberg.org/ebooks/43222
942 _cEB
999 _c272473
_d272473